Senzorové siete -ZigBee

Saved in:
Bibliographic Details
Main Author: Kováčová, Hana (Author)
Other Authors: Blaho, Michal (Thesis advisor)
Format: Manuscript Book
Language:Slovak
Published: 2015
Subjects:
Online Access:http://is.stuba.sk/zp/portal_zp.pl?podrobnosti=98022
Tags: Add Tag
No Tags, Be the first to tag this record!

MARC

LEADER 00000ntm a22000003a 4500
001 stuzp49559
003 SK-STU
005 20160719153321.7
007 ta
008 150427s2015----xo-----f-mn---000-0-slo-d
040 |a STU  |b slo 
041 0 |a slo 
100 1 |a Kováčová, Hana  |u 031000  |4 aut  |U FEI Fakulta elektrotechniky a informatiky  |T FEI Ústav robotiky a kybernetiky  |X 64521  |U E011  |Y 356  |7 64521 
242 0 1 |a Sensor networks - ZigBee  |y eng 
245 1 0 |a Senzorové siete -ZigBee 
260 |c 2015 
300 |a 53 s., príl.  |b CD-ROM 
650 4 |a Waspmote  |2 slo 
650 4 |a Meshlium  |2 slo 
650 4 |a aplikácia  |2 slo 
650 4 |a ZigBee  |2 slo 
650 4 |a senzory  |2 slo 
650 4 |a Waspmote  |2 eng 
650 4 |a ZigBee  |2 eng 
650 4 |a sensor  |2 eng 
650 4 |a Meshlium  |2 eng 
650 4 |a application  |2 eng 
700 1 |a Blaho, Michal  |4 ths  |X 19519  |7 A000019519 
856 4 |u http://is.stuba.sk/zp/portal_zp.pl?podrobnosti=98022 
996 |b 284ER01703  |c E*Bc- 1703  |l EE31  |s P  |a 0  |w stuzp49559_0001 
SQL |a stuzp49559  |b DBP  |c SLO  |d Senzorove siete -ZigBee  |e 64521  |f Kováčová, Hana  |g 031000  |h 19519  |i Blaho, Michal  |j 20150707  |k 77  |l 03  |m http://is.stuba.sk/zp/portal_zp.pl?podrobnosti=98022  |n B-PI  |o 5.2.14. automatizácia, 9.2.9. aplikovaná informatika